| 000 | 01197nam a2200253 4500 | ||
|---|---|---|---|
| 003 | DO-SdUA | ||
| 005 | 20250325093536.0 | ||
| 008 | s2020 dr a|| |||| 0 |a||0|spa d | ||
| 040 |
_aDO-SdUA _bspa _cDO-SdUA |
||
| 041 | 0 | _aspa | |
| 092 | _aMA-PPGE 0025 FCE 2020 | ||
| 100 | 1 | _aGómez Martínez, Rolenny Mercedes | |
| 245 | 1 | 3 |
_aEl juego como estrategia lúdica para facilitar el aprendizaje de los niños de pre-primario de la escuela Prof. Jorge Rubén Bonilla Castelle, durante el año escolar 2019-2020 / _cRolenny Mercedes Gómez Martínez. |
| 260 |
_aPuerto Plata : _bUASD, _c2020. |
||
| 300 |
_a9, 128, h. : _bil. |
||
| 502 | _aTesis y trabajos de grado (Maestría en Procesos Pedagógicos y Gestión de la Educación Infantil)-- Universidad Autónoma de Santo Domingo, Puerto Plata, 2020. | ||
| 504 | _aIncluye referencias bibliográficas y anexos. | ||
| 650 | 7 |
_2lemb _916827 _aJuegos educativos _xInvestigaciones _y2019-2020 |
|
| 650 | 7 |
_2lemb _92134 _aAprendizaje |
|
| 650 | 7 |
_2lemb _910519 _aEducación preescolar |
|
| 651 | 7 |
_2lemb _956419 _aSan Felipe de Puerto Plata |
|
| 830 | _aTesis y disertaciones académicas (Universidad Autónoma de Santo Domingo) | ||
| 942 |
_2cl _cT _n0 |
||
| 999 |
_c12711 _d12711 |
||